000 00773nam a2200193Ii 4500
003 JO-AjNU
008 230605s9999||||xx |||||||||||||| ||und||
040 _aJO-AjNU
_bara
_erda
_cJO-AjNU
041 _aara
050 1 4 _aBP144.I42 1997
100 3 _aإمام، محمد كمال,
_eauthor
_914748
245 0 0 _aالطلاق عند المسلمين: دراسة فقهية وقانونية احكام الطلاق- حقوق الاولاد- نفقة الأقارب
264 3 1 _aالاسكندرية: دار المطبوعات الجامعية، 1997
300 _a278ص
336 _atext
_btxt
_2rdacontent
337 _aunmediated
_bn
_2rdamedia
338 _avolume
_bnc
_2rdacarrier
650 4 _aالطلاق- فقه اسلامي- الاسرة في الاسلام
_914749
999 _aA4006
_c7574
_d7574